|
|
|
|
| LEADER |
00000nas a22000007a 4500 |
| 003 |
Ucuenca |
| 005 |
20230308225053.0 |
| 008 |
170609b2007 ec ||||| |||| 00| 0 spa d |
| 040 |
|
|
|b spa
|
| 041 |
0 |
|
|a spa
|
| 082 |
0 |
|
|a 705
|b F656p
|
| 245 |
|
|
|a Patrimonio de Quito
|c Fondo de Salvamento del Patrimonio; Carlos Palladares Sevilla, director
|h imp
|
| 264 |
|
|
|a Quito
|b FONSAL
|c Abril 2007
|
| 300 |
|
|
|a 104 páginas:
|b ilu
|c 28 cm
|
| 310 |
|
|
|a anu
|
| 362 |
|
|
|a no. 4 (abril 2007)
|
| 504 |
|
|
|a incl. ref.
|
| 505 |
0 |
|
|a Quito: vientos y revolucióin -- Intuición de la nación patrimonial -- La nación de la forja -- Los planes "criollos" del Barón de Carondelet. -- A pie por la historia --- Dignos de ellos y de su gloria -- El taller de la retina --- San Blas, puerta de Quito --- San Blas, patrono de indios norquiteños --- Sal Blas, origen y destino --- El historiador es un juez --- Publicaciones recomendadas --- Noticias del patrimonio.
|
| 650 |
|
0 |
|9 196478
|a Revista patrimonio de quito
|
| 650 |
|
0 |
|9 2419
|a Patrimonio cultural
|
| 650 |
|
0 |
|9 7689
|a Quito
|
| 710 |
1 |
|
|a Fondo de Salvamento del Patrimonio Cultural
|g FONSAL
|9 231112
|
| 942 |
|
|
|c SER
|z lourdes.naula@ucuenca.edu.ec
|
| 999 |
|
|
|c 151326
|d 151326
|